La educación del ciego / (Record no. 33416)

MARC details
000 -LEADER
campo de control de longitud fija 00537nam a2200169 i 4500
001 - NÚMERO DE CONTROL
campo de control 33416
003 - IDENTIFICADOR DE NÚMERO DE CONTROL
campo de control ES-MaACL
005 - FECHA Y HORA DE LA ÚLTIMA TRANSACCIÓN
campo de control 20230906154743.0
007 - CAMPO FIJO DE DESCRIPCIÓN FÍSICA--INFORMACIÓN GENERAL
campo de control de longitud fija t|
008 - DATOS DE LONGITUD FIJA--INFORMACIÓN GENERAL
campo de control de longitud fija 030202s1957 sp ||||1| spa d
100 1# - ENTRADA PRINCIPAL--NOMBRE DE PERSONA
Nombre de persona Bindt, Juliet.
9 (RLIN) 28915
245 13 - MENCIÓN DEL TÍTULO
Título La educación del ciego /
Mención de responsabilidad, etc. por Juliet Bindt ; [versión española de Manuel Bosch].
260 ## - PUBLICACIÓN, DISTRIBUCIÓN, ETC.
Lugar de publicación, distribución, etc. Barcelona, etc. :
Nombre del editor, distribuidor, etc. Pro Médica,
Fecha de publicación, distribución, etc. 1957 (
Fabricante Mariano Galve)
300 ## - DESCRIPCIÓN FÍSICA
Extensión 238 p., 1 lám. ;
Dimensiones 22 cm.
700 1# - ENTRADA AGREGADA--NOMBRE PERSONAL
Nombre de persona Bosch Barrett, Manuel.
9 (RLIN) 30649
852 ## - LOCALIZACIÓN
Ubicación ES-MaACL
Número de control de estantería C-11895
Sublocalización o colección R.40101
Holdings
Estatus retirado Estado de pérdida Estado de daño No para préstamo Biblioteca de origen Biblioteca actual Ubicación en estantería Fecha de adquisición Fuente de adquisición Total de préstamos Signatura topográfica completa Código de barras Visto por última vez Precio de reemplazo Tipo de ítem Koha
        Biblioteca del Ateneo de Madrid Biblioteca del Ateneo de Madrid Sala Palomar 17/01/2008     C-11895 1034758 23/02/2023 23/02/2023 Libro impreso